Normal view
MARC view
- Shair Baz
Entry Personal Name
001 - CONTROL NUMBER
- control field: 92591
003 - CONTROL NUMBER IDENTIFIER
- control field: NUST
005 - DATE AND TIME OF LATEST TRANSACTION
- control field: 20220704104719.0
008 - FIXED-LENGTH DATA ELEMENTS
- fixed length control field: 220704|| aca||aabn | a|a d
040 ## - CATALOGING SOURCE
- Original cataloging agency: NUST
- Transcribing agency: NUST
100 ## - HEADING--PERSONAL NAME
- Personal name: Shair Baz
670 ## - SOURCE DATA FOUND
- Source citation: Work cat.: (NUST)8888: Shair Baz, GSM-OS: GSM-Operations Simulator {Project BIT1], 2004.
